000 00743cab a2200229 4500
001 WB3147-19
008 090401t1995 xxu||||| |||| 00| 0 eng d
035 _a(Sirsi) u51421
041 _aeng
245 _aAccess to the countryside bill
260 _c1995
350 _a0
490 _aTimes
_v13 December 1995, 9(1)
520 _aThe Ramblers` Association has unveiled a draft Bill, which would make it a criminal offence for landowners to refuse entry, unless they have applied for temporary bans.
650 _aACCESS TO COUNTRYSIDE
650 _aCOUNTRYSIDE BILL
650 _aRAMBLERS ASSOCIATION
690 _aHIGHWAYS RIGHTS OF WAY AND EASEMENTS
690 _aLEISURE AND RECREATION
942 _n0
948 _c04/03/1997
999 _c31937
_d31937